Manchester City 2020-21 Squad - Statistics

General Stats
  • This quiz has been taken 83 times
  • The average score is 19 of 31
Answer Stats
Position Country Player % Correct
GK Brazil Ederson Moraes
95%
MD Belgium Kevin De Bruyne
89%
Coach Spain Pep Guardiola
86%
DF Portugal Ruben Dias
86%
DF England John Stones
85%
DF England Kyle Walker
84%
MD Portugal Bernardo Silva
82%
FW Algeria Riyad Mahrez
82%
FW Argentina Sergio Agüero
82%
DF Netherlands Nathan Aké
80%
FW England Phil Foden
80%
FW Brazil Gabriel Jesus
78%
MD Germany Ilkay Gündogan
78%
DF Ukraine Oleksandr Zinchenko
78%
FW England Raheem Sterling
76%
DF Portugal Joao Cancelo
73%
MD Spain Rodri
72%
DF France Aymeric Laporte
70%
DF France Benjamin Mendy
68%
DF Brazil Fernandinho
64%
GK USA Zack Steffen
61%
GK England Scott Carson
51%
MD Spain Ferran Torres
43%
DF Spain Eric Garcia
39%
MD England Cole Palmer
23%
FW England Liam Delap
16%
GK England James Trafford
12%
DF England Taylor Harwood-Bellis
7%
MD England Thomas Doyle
7%
MD England Felix Nmecha
5%
DF Spain Adrián Bernabé
3%
No matching quizzes found
Score Distribution
Percent of People with Each Score
Percentile by Number Answered
Your Score History
You have not taken this quiz